000 00732nam a2200265Ia 4500
005 20260121172026.0
008 008 260114s9999 xx 000 0 eng d
020 _a9783030419790
037 _aEBOOK
040 _aCRL
040 _beng
040 _cCRL
041 _2eng
041 _aeng
084 _qCRL
100 _aElena G. Popkova, Bruno S. Sergi, Lubinda Haabazoka, Julia V. Ragulina
_91083372
245 0 _aSupporting Inclusive Growth and Sustainable Development in Africa - Volume I
260 _bSpringer
260 _bSpringer
260 _c2020
856 _uhttps://link.springer.com/openurl?genre=book&isbn=978-3-030-41979-0
942 _cEBOOK
999 _c1649106
_d1649106